| 000 | 00973nas a2200325 4500 | ||
|---|---|---|---|
| 001 | BR0302753 | ||
| 003 | BR-BrBNA | ||
| 005 | 20231205103828.0 | ||
| 007 | ta | ||
| 008 | 230509b bl.|||p| |||| 00| 00por d | ||
| 040 |
_aBR-BrBNA _bpor _cBiblioteca Nacional de Agricultura |
||
| 041 | _a(Pt) | ||
| 072 | _aK10 | ||
| 100 | 1 | _aAraújo-Neto, J.C. | |
| 100 | 1 | _aAguiar, I.B. | |
| 100 | 1 | _aFerreira, V.M. | |
| 100 | 1 | _aPaula, R.C. | |
| 245 | 1 | _aCaracterização morfológica de frutos e sementes e desenvolvimento pós-seminal de monjoleiro (Acacia polyphylla DC.) | |
| 650 | _aMONJOLEIRO | ||
| 650 | _aFRUTO | ||
| 650 | _aSEMENTE | ||
| 650 | _aGERMINAÇÃO | ||
| 650 | _aSEMENTE FLORESTAL | ||
| 650 | _aPLÂNTULA | ||
| 650 | _aMORFOLOGIA VEGETAL | ||
| 650 | _aCRESCIMENTO | ||
| 773 | 0 |
_tRevista Brasileira de Sementes (Brazil) _xISSN 0101-3122 _g(2002), v. 24(1) p. 203-211 _wBR0302753 |
|
| 909 |
_a202311 _bLúcia _c55 _dLúcia Elande |
||
| 942 |
_2AGRIS _n0 _cANA |
||
| 999 |
_c174937 _d174937 |
||